[Event "ch-ESP (team) Div 2"]
[Site "Cala Galdana ESP"]
[Date "1999.11.12"]
[Round "5"]
[White "Suba,M"]
[Black "Gonzalez Diaz,D"]
[Result "1-0"]
[WhiteElo "2509"]
[BlackElo "2221"]

1.c4 Nf6 2.Nc3 c5 3.Nf3 g6 4.e4 d6 5.d4 cxd4 6.Nxd4 Bg7 7.Be2 O-O 8.Be3 Nc6
9.O-O Bd7 10.Nc2 Qa5 11.f3 Rfc8 12.Rf2 Be6 13.Nd5 Bxd5 14.cxd5 Ne5 15.Nd4 Nc4
16.Bxc4 Rxc4 17.Rc2 Rxc2 18.Qxc2 Qd8 19.Rc1 Nd7 20.Qc7 Nc5 21.Qxd8+ Rxd8
22.b4 Na6 23.a3 Bxd4 24.Bxd4 b6 25.Rc6 Kf8 26.b5 Nc5 27.Rc7 Ra8 28.Bxc5 dxc5
29.a4 a6 30.Rb7 axb5 31.axb5 Ra1+ 32.Kf2 Ra2+ 33.Kg3 c4 34.Rxb6 c3 35.Rc6 c2
36.Rc8+ Kg7 37.Kf4 Rb2 38.g4 h6 39.h4 Rxb5 40.Rxc2 Rb7 41.Ke5 Ra7 42.f4 Ra4
43.Re2 Kf8 44.g5 hxg5 45.hxg5 Kg7 46.f5 gxf5 47.exf5 Ra7 48.Rc2 Rd7 49.Rc8 Ra7
50.f6+ Kg6 51.Rg8+ Kh7 52.Rg7+ Kh8 53.Rxf7 exf6+ 54.Rxf6  1-0

[Event "28th It"]
[Site "Lazarevac YUG"]
[Date "1999.11.12"]
[Round "12"]
[White "Zontakh,A"]
[Black "Colovic,A"]
[Result "1-0"]
[WhiteElo "2535"]
[BlackElo "2423"]

1.Nf3 Nf6 2.c4 c5 3.Nc3 d5 4.cxd5 Nxd5 5.d4 Nxc3 6.bxc3 g6 7.e4 Bg7 8.Rb1 O-O
9.Be2 b6 10.O-O Bb7 11.Qd3 e6 12.Bg5 Qd6 13.Qe3 Rc8 14.Rfd1 Nd7 15.Bb5 Bc6
16.Bxc6 Qxc6 17.d5 exd5 18.Rxd5 b5 19.Rbd1 Nb6 20.Rd6 Qe8 21.Qf4 Nc4 22.Rd7 Qf8
23.Be7 Qe8 24.Bf6 Rc6 25.e5 Bxf6 26.exf6 Re6 27.h4 Ne5 28.Nxe5 Rxe5 29.R1d6 h5
30.g3 Rf5 31.Qd2 Kh7 32.Rd8 Qe4 33.Rxa8 Qxa8 34.Rd8  1-0

[Event "ch-ESP (team) Div 2"]
[Site "Cala Galdana ESP"]
[Date "1999.11.15"]
[Round "8"]
[White "De la Villa Garcia,J"]
[Black "Rojo Huerta,G"]
[Result "1/2-1/2"]
[WhiteElo "2473"]
[BlackElo "2384"]

1.c4 Nf6 2.Nf3 c5 3.Nc3 e6 4.d4 cxd4 5.Nxd4 Nc6 6.g3 Qb6 7.Ndb5 Ne5 8.Bf4 Nfg4
9.e3 a6 10.Nc7+ Qxc7 11.Qxg4 Qxc4 12.Qd1 Qc6 13.e4 Ng6 14.Bd2 b5 15.Bg2 Bb7
16.O-O Be7 17.Rc1 Qb6 18.Be3 Qd8 19.f4 O-O 20.Qd2 d6 21.h4 Re8 22.Rcd1 Qc7
23.Rc1 Qd7 24.Bh3 Qd8 25.a3 Bf6 26.Rfd1 Ne7 27.Bg2 Bxc3 28.Rxc3 d5 29.Bc5 Rc8
30.Bxe7 Qxe7 31.Rxc8 Rxc8 32.exd5 Qc5+ 33.Kh2 exd5 34.Bxd5 Rd8 35.Bxb7 Rxd2+
36.Rxd2 g6 37.Kg2 a5 38.Bf3 h5 39.Re2 Kf8 40.Re5 Qc2+ 41.Re2 Qc1 42.Kf2 Qc5+
43.Kg2 Qc1  1/2-1/2

[Event "Den Bosch"]
[Site "Hertogenbosch NED"]
[Date "1999.11.18"]
[Round "1"]
[White "Donaldson,J"]
[Black "Stone,R"]
[Result "1-0"]
[WhiteElo "2419"]
[BlackElo "2340"]

1.Nf3 Nf6 2.c4 c5 3.Nc3 e6 4.g3 b6 5.Bg2 Bb7 6.O-O a6 7.d4 cxd4 8.Qxd4 d6
9.Be3 Nbd7 10.Nd2 Bxg2 11.Kxg2 Rc8 12.Nce4 Rc6 13.b4 d5 14.cxd5 Nxd5 15.Rac1 Qa8
16.Kg1 f6 17.a3 Be7 18.Nc3 Nxe3 19.Qxe3 Kf7 20.Nf3 e5 21.Rcd1 Nf8 22.Nd5 Qb7
23.Nh4 g6 24.f4 exf4 25.Nxf4 Bd6 26.Nd5 Bb8 27.Nf3 Kg7 28.Nd4 Rd6 29.Ne7 Rd7
30.Nec6 b5 31.Qc3  1-0

[Event "Extraliga CZE"]
[Site "Ostrava CZE"]
[Date "1999.11.20"]
[Round "3"]
[White "Kalod,R"]
[Black "Moravec,M"]
[Result "1/2-1/2"]
[WhiteElo "2440"]
[BlackElo "2269"]

1.Nf3 Nf6 2.c4 c5 3.Nc3 g6 4.d4 cxd4 5.Nxd4 Bg7 6.e4 d6 7.Be2 O-O 8.O-O Nbd7
9.Be3 Nc5 10.f3 Bd7 11.Qd2 Ne6 12.Nb3 Bc6 13.Rfd1 Nd7 14.Rac1 Ndc5 15.Bf1 Na4
16.Nxa4 Bxa4 17.Qb4 Bc6 18.Na5 Bxb2 19.Nxc6 Bxc1 20.Nxd8 Bxe3+ 21.Kh1 Nxd8
22.Qb5 Bc5 23.Qd7 e5 24.g3 Rb8 25.Rb1 b6  1/2-1/2

[Event "Extraliga CZE"]
[Site "Ostrava CZE"]
[Date "1999.11.21"]
[Round "4"]
[White "Jirovsky,M"]
[Black "Votava,J"]
[Result "1/2-1/2"]
[WhiteElo "2458"]
[BlackElo "2497"]

1.Nf3 Nf6 2.c4 c5 3.Nc3 d5 4.cxd5 Nxd5 5.g3 Nc6 6.Bg2 Nxc3 7.bxc3 e5 8.O-O Be7
9.Bb2 O-O 10.d4 Qb6 11.Qb3 exd4 12.cxd4 Be6 13.dxc5 Qxc5 14.Qa4 Rad8 15.Rfc1 Qh5
16.Nd4 Rxd4 17.Bxd4 b5 18.Qd1 Nxd4 19.Qxd4 Bf6 20.Qxa7 Bxa1 21.Rxa1 Qxe2
22.Qd4 Bxa2  1/2-1/2

[Event "Eu Team Ch"]
[Site "Batumi GEO"]
[Date "1999.11.29"]
[Round "1"]
[White "Delchev,A"]
[Black "Butnorius,A"]
[Result "1-0"]
[WhiteElo "2521"]
[BlackElo "2456"]

1.Nf3 Nf6 2.c4 e6 3.Nc3 c5 4.g3 d5 5.cxd5 Nxd5 6.Bg2 Nc6 7.O-O Be7 8.d4 O-O
9.e4 Ndb4 10.d5 exd5 11.exd5 Nd4 12.Ne1 a5 13.a3 Na6 14.Bf4 Bd6 15.Bxd6 Qxd6
16.b4 Bf5 17.bxc5 Qxc5 18.Na4 Qa7 19.Ra2 Nc7 20.Nf3 Ndb5 21.d6 Rad8 22.Rd2 Ne6
23.Rd5 Nxd6 24.Rxd6 b5 25.Nb2 Qc5 26.Rxd8 Rxd8 27.Qe2 h6 28.Qe3 Qc2 29.Qe5 Bg4
30.Ne1 Qb3 31.h3 Bh5 32.Qxh5 Qxb2 33.Nf3 a4 34.Re1 b4 35.Ne5 Ng5 36.h4 Re8
37.hxg5 Rxe5 38.Rd1 bxa3 39.Rd8+ Kh7 40.Qxf7 Qb1+ 41.Kh2  1-0

[Event "ch-ARG Najdorf mem"]
[Site "Buenos Aires ARG"]
[Date "1999.11.29"]
[Round "9"]
[White "Fiorito,F"]
[Black "Zarnicki,P"]
[Result "0-1"]
[WhiteElo "2440"]
[BlackElo "2497"]

1.c4 Nf6 2.Nc3 c5 3.Nf3 b6 4.g3 Bb7 5.Bg2 g6 6.d3 Bg7 7.e4 O-O 8.O-O Nc6
9.h3 e6 10.Be3 d5 11.exd5 exd5 12.d4 cxd4 13.Nxd4 Na5 14.cxd5 Nxd5 15.Nxd5 Bxd5
16.b3 Rc8 17.Rb1 Rc7 18.Bxd5 Qxd5 19.Nf3 Qf5 20.Kg2 Rfc8 21.Rc1 Rxc1 22.Bxc1 Nc6
23.Be3 Nb4 24.Qd2 Bc3 25.Qe2 Qe4 26.Kh2 Bf6 27.Nd2 Qe6 28.Qf3 Nxa2 29.Qb7 Nc3
30.Rc1 Rd8 31.Qxa7 Nd5 32.Re1 Qf5 33.g4 Qe5+ 34.Kg1 Qc3 35.Nf3 Qxb3 36.Kg2 Bc3
37.Ng5 Rf8 38.Re2 Qc4 39.Qd7 Qd3 40.Kf3 Qd1 41.Qc6 h6  0-1

[Event "Eu Team Ch"]
[Site "Batumi GEO"]
[Date "1999.11.30"]
[Round "2"]
[White "Akesson,R"]
[Black "Mikhalchishin,A"]
[Result "1/2-1/2"]
[WhiteElo "2535"]
[BlackElo "2552"]

1.Nf3 Nf6 2.c4 c5 3.Nc3 d5 4.cxd5 Nxd5 5.d4 Nxc3 6.bxc3 g6 7.e3 Bg7 8.Bb5+ Bd7
9.a4 O-O 10.O-O Bxb5 11.axb5 Nd7 12.e4 Qb6 13.Qd3 a6 14.bxa6 Rxa6 15.Bg5 e6
16.d5 Rxa1 17.Rxa1 exd5 18.exd5 Qb2 19.Rb1 Qxc3 20.Qxc3 Bxc3 21.Rxb7 Rb8
22.Rxb8+ Nxb8 23.Kf1 f6 24.Be3 Nd7 25.Ke2 Kf7 26.Kd3 Bb4 27.g4  1/2-1/2

[Event "Eu Team Ch"]
[Site "Batumi GEO"]
[Date "1999.12.01"]
[Round "3"]
[White "Sommerbauer,N"]
[Black "Bakhtadze,G"]
[Result "0-1"]
[WhiteElo "2401"]
[BlackElo "2403"]

1.Nf3 Nf6 2.c4 c5 3.Nc3 e6 4.g3 b6 5.Bg2 Bb7 6.O-O Be7 7.Re1 d6 8.e4 Qc7
9.d4 cxd4 10.Nxd4 a6 11.Be3 O-O 12.Rc1 Nbd7 13.f4 Rae8 14.Bf2 Ba8 15.Qe2 g6
16.e5 dxe5 17.fxe5 Nh5 18.Bxa8 Rxa8 19.g4 Nf4 20.Qe3 g5 21.Bg3 Ng6 22.Ne4 Ndxe5
23.Nxg5 Bc5 24.b4 Bxb4 25.Bxe5 Qxe5 26.Qxe5 Nxe5 27.Rxe5 f6 28.Re4 fxg5 29.Nxe6 Rf6
30.c5 bxc5 31.Nxc5 a5 32.Nd3 Bf8 33.Rf1 Rd6 34.Rf3 a4 35.Re2 a3 36.Nf2 Rb6
37.Rf5 h6 38.Kg2 Rb2 39.Rfe5 Rc8 40.Kf3 Rc3+ 41.R5e3 Rxe2  0-1

[Event "ch-NED (qualifier KO)"]
[Site "Rotterdam NED"]
[Date "1999.12.04"]
[Round "1.1"]
[White "Vlam,H"]
[Black "Grooten,H"]
[Result "1-0"]
[WhiteElo "2211"]
[BlackElo "2412"]

1.c4 c5 2.Nf3 Nf6 3.Nc3 b6 4.e4 d6 5.d4 cxd4 6.Nxd4 Bb7 7.Bd3 Nbd7 8.O-O g6
9.Be3 Bg7 10.f3 O-O 11.Rc1 a6 12.Qd2 Re8 13.Qf2 Ne5 14.Be2 e6 15.Rfd1 Rc8
16.Nb3 Rc6 17.c5 bxc5 18.Nxc5 Bc8 19.b4 Qc7 20.N5a4 Nc4 21.b5 axb5 22.Nxb5 Qa5
23.Bxc4 d5 24.Bf1 Qxa4 25.Rxc6 Qxd1 26.Nd6 d4 27.Nxe8 dxe3 28.Nxf6+ Bxf6
29.Rxc8+ Kg7 30.Qe2 Bd4 31.Qxd1  1-0

[Event "Eu Team Ch"]
[Site "Batumi GEO"]
[Date "1999.12.05"]
[Round "6"]
[White "Ibrahimov,R"]
[Black "Sakalauskas,V"]
[Result "1/2-1/2"]
[WhiteElo "2396"]
[BlackElo "2450"]

1.Nf3 Nf6 2.c4 c5 3.Nc3 d5 4.cxd5 Nxd5 5.e3 Nxc3 6.bxc3 g6 7.d4 Bg7 8.Be2 O-O
9.O-O b6 10.a4 cxd4 11.cxd4 Nc6 12.Ba3 Bb7 13.Rc1 Rc8 14.d5 Ne5 15.Rxc8 Nxf3+
16.Bxf3 Bxc8 17.Qb3 Bd7 18.Rc1 Bf6 19.Be2 Qb8 20.Bb5 Bxb5 21.axb5 Rd8 22.Qc4 Rd7
23.Qc6 Qd8 24.e4 Be5 25.Qc8 Qxc8 26.Rxc8+ Kg7 27.g3 f5 28.f3 Kf7 29.Kf2 fxe4
30.fxe4 Rc7 31.Rxc7 Bxc7 32.Kf3 Ke8 33.Bb2 e6 34.Ke3 Kd7 35.Kd4 e5+ 36.Kc4 Bd6
37.Bc1 Kc7 38.Bh6 Kb7 39.Bd2 Kc7 40.Be3 Kb7 41.Kd3 a5 42.bxa6+ Kxa6 43.Kc4 Ka5
44.Kb3 b5 45.Bd2+ b4  1/2-1/2

[Event "ch-NED (qualifier KO)"]
[Site "Rotterdam NED"]
[Date "1999.12.05"]
[Round "1.3"]
[White "Grooten,H"]
[Black "Vlam,H"]
[Result "1-0"]
[WhiteElo "2412"]
[BlackElo "2211"]

1.Nf3 Nf6 2.c4 g6 3.Nc3 c5 4.g3 Bg7 5.Bg2 Nc6 6.O-O O-O 7.d4 cxd4 8.Nxd4 Nxd4
9.Qxd4 d6 10.Qd2 Qa5 11.b3 Qh5 12.h4 Rb8 13.Bb2 a6 14.a4 Bd7 15.Qg5 Bc6 16.Rab1 Qxg5
17.hxg5 Nd7 18.Nd5 Bxd5 19.Bxd5 b5 20.Bxg7 Kxg7 21.cxb5 axb5 22.Bc6 Nc5 23.Bxb5 Rb6
24.f3 Rfb8 25.Rfd1 Ne6 26.f4 Nc7 27.Bc4 d5 28.a5 Rd6 29.Bd3 Nb5 30.Rdc1 Rd7
31.b4 Ra7 32.Rc5 Na3 33.Rb3 Nc4 34.Rxd5 Nxa5 35.Ra3 Nc6 36.Rxa7 Nxa7 37.b5 e6
38.Rc5 Kf8 39.Kf2 Ke8 40.Ke3 Kd7 41.Kd4 Kd6 42.e4 Nc8 43.Rc6+ Kd7 44.Ke5 Nb6
45.Kf6 Ke8 46.Rc7 Nd7+ 47.Kg7 Ke7 48.e5 Kd8 49.Ra7 Rc8 50.Be4 Rc3 51.Bc6 Nb8
52.Rxf7 Rxg3 53.Kxh7  1-0

[Event "ch-NED (qualifier KO)"]
[Site "Rotterdam NED"]
[Date "1999.12.05"]
[Round "1.4"]
[White "Vlam,H"]
[Black "Grooten,H"]
[Result "0-1"]
[WhiteElo "2211"]
[BlackElo "2412"]

1.c4 c5 2.Nf3 Nf6 3.Nc3 b6 4.e4 d6 5.d4 cxd4 6.Nxd4 Bb7 7.f3 Nbd7 8.Be2 a6
9.Be3 e6 10.O-O Be7 11.Qe1 O-O 12.Qg3 Kh8 13.Qh3 Rg8 14.Rad1 Qc7 15.Bg5 Qc5
16.Be3 Qc7 17.Kh1 g5 18.g4 Ne5 19.b3 b5 20.Rc1 bxc4 21.bxc4 Rac8 22.Qg3 Qa5
23.h4 gxh4 24.Qe1 Nxc4 25.Bxc4 Rxc4 26.g5 Nd7 27.Nb3 Qe5 28.f4 Rxe4 29.fxe5 Rxe3+
30.Kh2 Rxe1 31.Rcxe1 Nxe5 32.Ne4 h6 33.gxh6 f5  0-1

[Event "Eu Team Ch"]
[Site "Batumi GEO"]
[Date "1999.12.06"]
[Round "8"]
[White "Marin,M"]
[Black "Akesson,R"]
[Result "1/2-1/2"]
[WhiteElo "2548"]
[BlackElo "2535"]

1.c4 Nf6 2.Nc3 c5 3.Nf3 d5 4.cxd5 Nxd5 5.g3 g6 6.Bg2 Bg7 7.O-O O-O 8.Qa4 Nb6
9.Qh4 e5 10.Qxd8 Rxd8 11.d3 Na6 12.Be3 f5 13.Nd2 Rb8 14.f4 Bd7 15.fxe5 Bxe5
16.Nb3 Na4 17.Nxa4 Bxa4 18.Nxc5 Nxc5 19.Bxc5 b6 20.Ba3 Bd4+ 21.Kh1 b5 22.Bb4 Bxb2
23.Rab1 Bd4 24.Rfc1 Rbc8 25.Bb7 Rxc1+ 26.Rxc1 Be3 27.Rc7 Bb6 28.Re7 a5 29.Re6 axb4
30.Rxb6 Re8 31.Bf3 Bd1 32.Rxb5  1/2-1/2

[Event "ch-RUS KO"]
[Site "Moscow RUS"]
[Date "1999.12.16"]
[Round "1.2"]
[White "Korobov,A"]
[Black "Makarov,M"]
[Result "1-0"]
[WhiteElo "2336"]
[BlackElo "2527"]

1.c4 c5 2.Nf3 Nf6 3.Nc3 e6 4.g3 b6 5.Bg2 Bb7 6.O-O Be7 7.Re1 d6 8.e4 e5 9.Nh4 Nc6
10.d3 Nd4 11.Nf5 Nxf5 12.exf5 Bxg2 13.Kxg2 h6 14.f4 exf4 15.Bxf4 O-O 16.d4 Re8
17.d5 Qd7 18.g4 Bf8 19.Qf3 a6 20.a4 Rxe1 21.Rxe1 Re8 22.Rf1 Nh7 23.Bg3 Be7
24.Qf4 Rd8 25.h4 Bf6 26.Ne4 Be5 27.Qf3 Bxg3 28.Kxg3 Qxa4 29.g5 Qe8 30.gxh6 Qe5+
31.Qf4 Nf6 32.Qxe5 dxe5 33.Kf3 Ne8 34.Rg1 Kh8 35.hxg7+ Nxg7 36.f6 Nf5 37.h5 b5
38.Nxc5 Nd6 39.cxb5 Nxb5 40.Ke4 Re8 41.Ne6 Nd6+ 42.Kxe5 Nc4+ 43.Kd4 Nd6 44.Ng5 Rc8
45.Ke5 Nc4+ 46.Kf4 Nd6 47.Ra1 Ra8 48.Ke5  1-0

[Event "ch-RUS KO"]
[Site "Moscow RUS"]
[Date "1999.12.16"]
[Round "1.2"]
[White "Popov,Val"]
[Black "Okrugin,S"]
[Result "1-0"]
[WhiteElo "2523"]
[BlackElo "2390"]

1.Nf3 c5 2.c4 Nf6 3.Nc3 d5 4.cxd5 Nxd5 5.d4 Nxc3 6.bxc3 g6 7.e4 Bg7 8.Rb1 O-O
9.Be2 Nc6 10.d5 Ne5 11.Nxe5 Bxe5 12.Rb3 Qc7 13.Qd2 Bd7 14.f4 c4 15.Rb4 Bg7
16.Rxc4 Qa5 17.O-O Bb5 18.Rb4 Bxe2 19.Qxe2 b6 20.Rb3 Rac8 21.Ba3 Rfe8 22.c4 Qa4
23.Rc1 Rc7 24.Qd3 Rec8 25.Rb4 Qd7 26.h3 Bh6 27.Rf1 Bf8 28.Bb2 e5 29.Rb3 Rxc4
30.fxe5 Bg7 31.Kh1 Ra4 32.a3 Qe7 33.e6 fxe6 34.d6 Qd7 35.Bxg7 Qxg7 36.d7 Rd8
37.Qd6 Kh8 38.Rbf3  1-0

[Event "7th Solana It 2nd event"]
[Site "Solin CRO"]
[Date "1999.12.17"]
[Round "7"]
[White "Morovic Fernandez,I"]
[Black "Cebalo,M"]
[Result "1/2-1/2"]
[WhiteElo "2608"]
[BlackElo "2453"]

1.Nf3 Nf6 2.c4 c5 3.Nc3 g6 4.d4 cxd4 5.Nxd4 Nc6 6.e4 d6 7.Be2 Nxd4 8.Qxd4 Bg7
9.Be3 O-O 10.Qd2 Be6 11.O-O Qa5 12.Rab1 Rfc8 13.b3 Ng4 14.Nd5 Qxd2 15.Bxd2 Kf8
16.Bg5 Nf6 17.Nxf6 Bxf6 18.Bxf6 exf6 19.Rbd1 Ke7 20.Rd2 a5 21.f4 Rc5 22.Rfd1 Ra6
23.Kf2 Rb6 24.Ke3 a4 25.Rd3 Ra5 26.R1d2 f5 27.exf5 Bxf5 28.Rc3 Bd7 29.Bf3 Bc6
30.Kd4 axb3 31.axb3 h5 32.Re3+ Kf6 33.Kc3 Bxf3 34.Rxf3 Ra1 35.Rfd3 Ke6 36.Re3+ Kf6
37.Red3 Ke6 38.Re3+ Kf6 39.Red3  1/2-1/2

[Event "Open"]
[Site "Zadar CRO"]
[Date "1999.12.18"]
[Round "8"]
[White "Bistric,F"]
[Black "Sutkovic,D"]
[Result "1/2-1/2"]
[WhiteElo "2466"]
[BlackElo "2238"]

1.c4 Nf6 2.Nc3 c5 3.Nf3 e6 4.g3 b6 5.Bg2 Bb7 6.O-O Be7 7.Re1 d6 8.e4 a6 9.d4 cxd4
10.Nxd4 Qc7 11.Be3 Nbd7 12.Rc1 O-O 13.g4 Nc5 14.f3 h6 15.Kh1 Rfe8 16.Rc2 Rac8
17.g5 hxg5 18.Bxg5 Nh5 19.Be3 Bh4 20.Rg1 Qe7 21.b4 Nd7 22.f4 g6 23.e5 Bxg2+
24.Rcxg2 Ng7 25.exd6 Qxd6 26.Ne4 Qc7 27.Nf3 Be7 28.Bd4 Qxc4 29.Nfg5 Bxg5
30.Nd6 Qc6 31.Nxe8 Rxe8 32.Bxg7 Bxf4 33.Bb2 e5 34.Rf1 Nf8 35.Qd3 b5 36.a3 Ne6
37.h3 Rd8 38.Qc2 Qb7 39.Bc3 Nd4 40.Qb2 Rd7 41.Rxf4 exf4 42.Bxd4 f3 43.Rf2 Qe4
44.Be5 Rd5 45.Bb8 Rh5 46.Qc1 Rxh3+ 47.Bh2 Kh7 48.Qf1 Qf5 49.Rc2 g5 50.Rc5 Rxh2+
51.Kxh2 Qf4+  1/2-1/2

[Event "Young Masters"]
[Site "Groningen NED"]
[Date "1999.12.19"]
[Round "1"]
[White "Kievelitz,B"]
[Black "Wiersma,E"]
[Result "1/2-1/2"]
[WhiteElo "2168"]
[BlackElo "2362"]

1.Nf3 Nf6 2.c4 c5 3.Nc3 g6 4.d4 cxd4 5.Nxd4 Bg7 6.e4 O-O 7.Be2 Nc6 8.Be3 b6
9.Nxc6 dxc6 10.O-O Qxd1 11.Rfxd1 Be6 12.Rd2 Ng4 13.Bxg4 Bxg4 14.f3 Be6 15.c5 Rfb8
16.Rad1 Be5 17.f4 Bc7 18.cxb6 axb6 19.b3 Rd8 20.Rxd8+ Rxd8 21.Rxd8+ Bxd8
22.Kf2 Kf8 23.Kf3 Ke8 24.g4 f6 25.f5 Bf7 26.Bf4 e5 27.fxe6 Bxe6 28.e5 Kd7
29.Ne4 g5 30.Bd2 Bd5 31.exf6 Bxf6 32.Ke3 Ke6  1/2-1/2

[Event "8th Danube Open"]
[Site "Aschach AUT"]
[Date "1999.12.27"]
[Round "3"]
[White "Gross,S"]
[Black "Pilaj,H"]
[Result "1/2-1/2"]
[WhiteElo "2371"]
[BlackElo "2197"]

1.c4 Nf6 2.Nc3 c5 3.Nf3 e6 4.g3 b6 5.Bg2 Bb7 6.O-O Be7 7.Re1 d6 8.e4 a6 9.d4 cxd4
10.Nxd4 Qc7 11.Be3 Nbd7 12.f4 Rc8 13.Rc1 Qb8 14.Qe2 O-O 15.g4 Qa8 16.Bf2 g6
17.Nb3 Rfe8 18.Bf3 h6 19.h4  1/2-1/2

[Event "Eastern Open"]
[Site "Washington DC USA"]
[Date "1999.12.27"]
[Round "4"]
[White "Boudreaux,F"]
[Black "Bengtson,M"]
[Result "1/2-1/2"]
[WhiteElo "2279"]
[BlackElo "2306"]

1.Nf3 c5 2.c4 Nf6 3.Nc3 b6 4.e4 d6 5.d4 cxd4 6.Nxd4 Bb7 7.f3 e6 8.Be3 Be7
9.Be2 a6 10.O-O O-O 11.Qd2 Nbd7 12.Rfd1 Qc7 13.Rac1 Rac8 14.Bf1 Qb8 15.Qf2 Bd8
16.b3 Bc7 17.g3 Ne5 18.Bg2 Rfe8 19.Nde2 Ba8 20.h3 Ned7 21.a4 Bb7 22.Kh1 Qa8
23.Nf4 Nc5  1/2-1/2

[Event "Alushta zt (Women)"]
[Site "Alushta"]
[Date "1999.??.??"]
[Round "?"]
[White "Dubinka, Inna"]
[Black "Baklanova, Tatiana"]
[Result "1/2-1/2"]
[WhiteElo "2340"]
[BlackElo "2259"]

1.Nf3 c5 2.c4 Nf6 3.Nc3 g6 4.e4 d6 5.d4 cxd4 6.Nxd4 Bg7 7.Be2 O-O 8.O-O Nc6
9.Be3 Bd7 10.Nb3 b6 11.f4 Rc8 12.Bf3 Ne8 13.Rc1 Nc7 14.Qe2 Ne6 15.Rfd1 Kh8
16.Nd5 Qe8 17.g4 Nc5 18.g5 Be6 19.Nd4 Nxd4 20.Bxd4 Bxd4+ 21.Rxd4 f6 22.gxf6 Bxd5
23.exd5 exf6 24.Qf2 a5 25.Re1 Qf7 26.Rdd1 Rce8 27.Qd4 Kg7 28.b3 Rxe1+ 29.Rxe1 Re8
30.Re3 Kf8 31.Bd1 Rxe3 32.Qxe3 Qe7 33.Kf2 Qxe3+ 34.Kxe3 f5 35.a3 Ke7 36.Kd4 Ne4
37.Bc2 Nf2 38.h4 Ng4 39.b4 axb4 40.axb4 Nf6 41.Bd1 h6  1/2-1/2

[Event "Alushta zt (Women)"]
[Site "Alushta"]
[Date "1999.??.??"]
[Round "?"]
[White "Zhukova, Natalia"]
[Black "Litinskaya, Marta I"]
[Result "1-0"]
[WhiteElo "2456"]
[BlackElo "2383"]

1.Nf3 Nf6 2.c4 e6 3.Nc3 c5 4.e3 b6 5.d4 d6 6.Bd3 Be7 7.O-O Nbd7 8.b3 Bb7
9.Bb2 O-O 10.d5 e5 11.Ne1 Ne8 12.f4 exf4 13.exf4 Bf6 14.Nf3 g6 15.Qc2 a6
16.Rae1 Rc8 17.g4 Bg7 18.g5 f5 19.h4 Nc7 20.h5 Re8 21.Nh4 Nf8 22.Na4 Bd4+
23.Bxd4 cxd4 24.Qf2 Na8 25.Qxd4 b5 26.cxb5 axb5 27.Bxb5 Re7 28.Bd3 Qe8 29.Rxe7 Qxe7
30.Bxf5  1-0

[Event "Avoine op"]
[Site "Avoine"]
[Date "1999.??.??"]
[Round "5"]
[White "Olarasu, Gabriela"]
[Black "Druon, Roger"]
[Result "1-0"]
[WhiteElo "2333"]
[BlackElo "2175"]

1.Nf3 Nf6 2.c4 c5 3.Nc3 d5 4.cxd5 Nxd5 5.g3 Nc6 6.Bg2 Nc7 7.O-O e5 8.d3 Be7
9.Be3 O-O 10.Na4 b6 11.Rc1 f6 12.a3 Bd7 13.b4 cxb4 14.Nd2 Qe8 15.axb4 Nb5
16.Nc3 Nxc3 17.Rxc3 Rc8 18.Qb3+ Kh8 19.Rfc1 Nxb4 20.Rxc8 Bxc8 21.Rc7 Bg4
22.f3 Bf5 23.Rxa7 Bc5 24.Bxc5 bxc5 25.Qc4 Nc6 26.Ra6 Qc8 27.f4 Nb8 28.Ra5 Nd7
29.Ra8 Qc7 30.Rxf8+ Nxf8 31.Nb3 Be6 32.Qxc5 Qd8 33.Na5 Nd7 34.Qa7 Qb6+ 35.Qxb6 Nxb6
36.fxe5 fxe5 37.Kf2 g6 38.Nc6 Nd7 39.Nd8 Bb3 40.Bh3 Nf6 41.e4  1-0

[Event "Avoine op"]
[Site "Avoine"]
[Date "1999.??.??"]
[Round "6"]
[White "Soyer, Jean Yves"]
[Black "Ionescu, Cristian"]
[Result "0-1"]
[WhiteElo "2126"]
[BlackElo "2292"]

1.c4 Nf6 2.Nc3 c5 3.Nf3 g6 4.d4 Bg7 5.e4 O-O 6.Be2 d6 7.O-O Na6 8.d5 e6 9.Bg5 h6
10.Bh4 Nc7 11.Nd2 Qe8 12.a4 e5 13.Kh1 Na6 14.Rg1 Nh7 15.g4 Qd7 16.Ra3 Nb4
17.Nf1 Ng5 18.Bxg5 hxg5 19.Ng3 Bf6 20.a5 Kg7 21.Qd2 Rh8 22.f3 Bd8 23.Na2 Na6
24.Bd1 Qe7 25.Ne2 Rb8 26.Nec1 Qf6 27.Nd3 b5 28.axb6 axb6 29.Be2 b5 30.cxb5 Nc7
31.Nc3 Bd7 32.b4 c4 33.Nb2 Nxb5 34.Nxb5 Bxb5 35.Nxc4 Bb6 36.Rg2 Bd4  0-1

[Event "Bad Woerishofen op"]
[Site "Bad Woerishofen"]
[Date "1999.??.??"]
[Round "8"]
[White "Lerner, Konstantin Z"]
[Black "Miezis, Normunds"]
[Result "1-0"]
[WhiteElo "2568"]
[BlackElo "2525"]

1.Nf3 c5 2.c4 Nf6 3.Nc3 d5 4.cxd5 Nxd5 5.e3 Nc6 6.d4 cxd4 7.exd4 e6 8.Bd3 Be7
9.O-O O-O 10.Re1 Nf6 11.a3 b6 12.Bc2 Bb7 13.Qd3 g6 14.Bh6 Re8 15.Rad1 Rc8
16.h3 Nd5 17.Nxd5 exd5 18.Ba4 Bf6 19.Rxe8+ Qxe8 20.Qd2 Qd8 21.Qf4 Bg7 22.Re1 Bxh6
23.Qxh6 Qf8 24.Qf4 Re8 25.Rc1 Re4 26.Qc7 Re7 27.Qg3 Na5 28.Ne5 Nc4 29.Nd7 Qd8
30.b3 Nd2 31.Qf4 Ne4 32.f3 Rxd7 33.Bxd7 Qxd7 34.Rc7 Qe6 35.fxe4 Ba6 36.Rxa7 Bd3
37.exd5 Qxd5 38.Qb8+ Kg7 39.Qe5+  1-0

[Event "Landesliga Nord 9899"]
[Site "Bayern"]
[Date "1999.??.??"]
[Round "?"]
[White "Weigert, Wilhelm"]
[Black "Eckhardt, Wladislaw"]
[Result "0-1"]
[WhiteElo "2045"]
[BlackElo "2080"]

1.c4 c5 2.Nc3 b6 3.Nf3 Nf6 4.g3 Bb7 5.Bg2 e6 6.O-O a6 7.b3 Be7 8.Bb2 O-O
9.Rc1 d6 10.d4 cxd4 11.Nxd4 Bxg2 12.Kxg2 Qc7 13.Qd2 Rd8 14.Rfd1 Nbd7 15.Qe3 Rac8
16.Kg1 Bf8 17.h3 Qb7 18.Nf3 b5 19.cxb5 axb5 20.Ng5 d5 21.Qd3 h6 22.Nf3 b4
23.Na4 Bd6 24.Rxc8 Rxc8 25.Rc1 Ne4 26.Rxc8+ Qxc8 27.Qd4 f6 28.Qd3 Qb8 29.Nd4 Kf7
30.Kg2 Qa7 31.e3 Qb8 32.Qa6 e5 33.Nb5 Ke6 34.a3 Ndc5 35.Nxc5+ Nxc5 36.Qc6 Nd3
37.Ba1 bxa3 38.g4 Nb4  0-1

[Event "Oberliga Bayern9899"]
[Site "Bayern"]
[Date "1999.??.??"]
[Round "?"]
[White "Pitschka, Claus"]
[Black "Schindler, Viktor"]
[Result "1-0"]
[WhiteElo "2215"]
[BlackElo "2080"]

1.Nf3 c5 2.c4 Nf6 3.Nc3 g6 4.d4 Bg7 5.e4 cxd4 6.Nxd4 d6 7.Be2 O-O 8.Be3 Nc6
9.O-O Bd7 10.Qd2 Ng4 11.Bxg4 Bxg4 12.f3 Bd7 13.Rfd1 Ne5 14.b3 Re8 15.Rac1 Rc8
16.Nd5 Bc6 17.Ne2 Nd7 18.Qb4 b6 19.Nd4 Nc5 20.Nxc6 Rxc6 21.Qa3 Qb8 22.b4 Nd7
23.Qa6 Rcc8 24.a4 Be5 25.a5 e6 26.Nf4 d5 27.g3 Nf6 28.axb6 axb6 29.cxd5 Rxc1
30.Rxc1 exd5 31.exd5 Bb2 32.Rc2 Be5 33.Rc6 g5 34.Rxb6 Qd8 35.Ne2 Bc7 36.Rxf6 Rxe3
37.Kf2 Rd3 38.Qxd3  1-0

[Event "Landesliga Sued 9899"]
[Site "Bayern"]
[Date "1999.??.??"]
[Round "?"]
[White "Wolfsteiner, Helmut"]
[Black "Schnelzer, Reinhold"]
[Result "0-1"]
[WhiteElo "2195"]
[BlackElo "2285"]

1.c4 c5 2.Nc3 Nf6 3.Nf3 e6 4.g3 b6 5.Bg2 Bb7 6.O-O Be7 7.Re1 d5 8.cxd5 Nxd5
9.e4 Nb4 10.d4 cxd4 11.Nxd4 N8c6 12.Be3 O-O 13.Nxc6 Nxc6 14.Qa4 a6 15.Red1 Qc7
16.Bf4 Qc8 17.Rac1 Rd8 18.Nd5 Bc5 19.b4 exd5 20.bxc5 b5 21.Qc2 d4 22.Bd6 Qe6
23.Qb2 Re8 24.e5 Ra7 25.Re1 Ba8 26.Qd2 Rc8 27.Be4 Nd8 28.Bxa8 Raxa8 29.a4 Nc6
30.Rb1 b4 31.Rxb4 Nxb4 32.Qxb4 Qd5 33.Rd1 d3 34.Qc3 Qc6 35.Qc4 Ra7 36.Rxd3 Rb7
37.Rb3 Rxb3 38.Qxb3 Qe4 39.h4 Qe1+ 40.Kg2 Qe4+ 41.Kh2 h6 42.Qa2 g5 43.Qd2 Qf5
44.Qe2 gxh4 45.g4 Qf4+ 46.Kh3 Qxa4 47.Qe3 Qd1 48.Kxh4 Qh1+ 49.Kg3 Re8 50.f3 Qd1
51.c6 f6 52.c7 fxe5 53.Bxe5 Qd5 54.Bf4 Qc6 55.Qd2 Rf8 56.Qa5 Kh7 57.Qe5 Kg8
58.Kh4 a5 59.Qe7 Rxf4  0-1

[Event "Landesliga Sued 9899"]
[Site "Bayern"]
[Date "1999.??.??"]
[Round "?"]
[White "Berthold, Wolfgang"]
[Black "Wolf, Gerhard"]
[Result "1-0"]
[WhiteElo "2030"]
[BlackElo "2005"]

1.Nf3 Nf6 2.c4 c5 3.Nc3 e6 4.d4 cxd4 5.Nxd4 Be7 6.g3 a6 7.Bg2 Qc7 8.Qd3 Nc6
9.Nxc6 dxc6 10.O-O e5 11.b3 Be6 12.Bb2 Rd8 13.Qc2 O-O 14.Rab1 b5 15.cxb5 cxb5
16.Rbc1 Rc8 17.Qb1 Qb8 18.e4 Rfd8 19.Rcd1 Qa8 20.Rxd8+ Rxd8 21.Rd1 b4 22.Nd5 Nxd5
23.exd5 Bxd5 24.Rxd5 Rxd5 25.Bxe5 Qd8 26.Bxd5 Qxd5 27.Qa1 f6 28.Bf4 Bc5 29.Qf1 g5
30.Bc1 Kg7 31.Qe2 h6 32.h3 Qf5 33.Kg2 Kf7 34.Bb2 Kg7 35.Qf3 Kg6 36.Qxf5+ Kxf5
37.Kf3 h5 38.g4+ hxg4+ 39.hxg4+ Ke6 40.Ke2 f5 41.f3 Be7 42.Kd3 fxg4 43.fxg4 Kd5
44.Bg7 a5 45.Bd4 Bd8 46.Ke3 Kd6 47.Ke4 Ke6 48.Be3  1-0

[Event "Landesliga Nord 9899"]
[Site "Bayern"]
[Date "1999.??.??"]
[Round "?"]
[White "Reis, Gerhard"]
[Black "Kreuzer, Gerhard"]
[Result "0-1"]
[WhiteElo "2215"]
[BlackElo "2180"]

1.Nf3 c5 2.c4 Nf6 3.Nc3 e6 4.g3 Nc6 5.Bg2 d5 6.cxd5 Nxd5 7.O-O Nc7 8.d3 Be7
9.Be3 e5 10.Rc1 Bd7 11.Nd2 Rb8 12.f4 O-O 13.Nc4 exf4 14.Bxf4 b5 15.Ne3 Bg5
16.Kh1 Bxf4 17.gxf4 Re8 18.Ne4 Nd4 19.f5 c4 20.Rf4 g6 21.fxg6 f5 22.gxh7+ Kh8
23.Nd6 Qf6 24.Nxe8 Rxe8 25.dxc4 Nce6 26.Rf2 Re7 27.Nd5 Qh4 28.Nxe7 Qxf2 29.Qf1 Qe3
30.Rc3 Qg5 31.Nd5 f4 32.Rd3 bxc4 33.Ra3 Bc6 34.Nc3 f3 35.exf3 Nc2 36.Rxa7 Ne3
37.Qf2 Nxg2  0-1